| 000 | 01287cam a22003254a 4500 | ||
|---|---|---|---|
| 001 | 15616896 | ||
| 003 | OSt | ||
| 005 | 20210924143040.0 | ||
| 008 | 090209s2010 at a b 001 0 eng | ||
| 010 | _a 2009922623 | ||
| 020 | _a9781418016555 | ||
| 020 | _a1418016551 | ||
| 040 |
_aDDC _cHU _dDLC |
||
| 050 | 0 | 0 |
_aTX911.3.M3 _bM67 2010 |
| 082 | 0 | 0 |
_a647.94/MOR _222 |
| 100 | 1 |
_aMorrison, Alastair M. _97176 |
|
| 245 | 1 | 0 |
_aHospitality and travel marketing / _cAlastair M. Morrison. |
| 250 | _a4th ed. | ||
| 260 |
_aAustralia : _bDelmar Cengage Learning, _c2010. |
||
| 300 |
_axxv, 786 p. : _bill. (some col.) ; _c27 cm. |
||
| 504 | _aIncludes bibliographical references and index. | ||
| 650 | 0 |
_aHospitality industry _xMarketing. _97177 |
|
| 650 | 0 |
_aTourism _xMarketing. _97178 |
|
| 856 | 4 | 2 |
_3Contributor biographical information _uhttp://www.loc.gov/catdir/enhancements/fy1104/2009922623-b.html |
| 856 | 4 | 2 |
_3Publisher description _uhttp://www.loc.gov/catdir/enhancements/fy1104/2009922623-d.html |
| 856 | 4 | 1 |
_3Table of contents only _uhttp://www.loc.gov/catdir/enhancements/fy1104/2009922623-t.html |
| 906 |
_a7 _bcbc _corigres _d2 _encip _f20 _gy-gencatlg |
||
| 942 |
_2ddc _cBOOKS _n0 |
||
| 999 |
_c6807 _d6807 |
||